Most valuable football player from European countries - Statistics

General Stats
  • This quiz has been taken 17 times
    2 since last reset
  • The average score is 28 of 55
Answer Stats
Country Value (€) Club Position Player % Correct
Sweden 100M Liverpool FC CF Alexander Isak
100%
Turkey 90M Real Madrid CAM Arda Güler
100%
Slovenia 65M Manchester United CF Benajmin Šeško
100%
Slovakia 35M Atlético de Madrid CB Dávid Hancko
100%
Hungary 100M Liverpool FC CAM Dominik Szoboszlai
100%
Norway 200M Manchester City CF Erling Haaland
100%
Switzerland 40M Borussia Dortmund GK Gregor Kobel
100%
Ukraine 45M Paris Saint-Germain CB Ilya Zabarnyi
100%
Poland 27M FC Porto CB Jakub Kiwior
100%
Germany 120M Bayern Munich CAM Jamal Musiala
100%
Belgium 65M Manchester City LW Jérémy Doku
100%
Portugal 110M Paris Saint-Germain CM orCDM João Neves|Vitinha
100%
Croatia 70M Manchester City CB Josko Gvardiol
100%
England 140M Real Madrid CAM Jude Bellingham
100%
Georgia 90M Paris Saint-Germain LW Khvicha Kvaratskhelia
100%
Austria 32M Bayern Munich RB Konrad Laimer
100%
Spain 200M FC Barcelona RW Lamine Yamal
100%
Serbia 35M AS Roma orJuventus FC or AC Milan GK orCF or CB Mile Svilar|Dušan Vlahović|Strahinja Pavlović
100%
Romania 20M Tottenham Hotspur CB Radu Dragușin
100%
Netherlands 90M Liverpool FC CDM Ryan Gravenberch
100%
Italy 80M Newcastle United CDM Sandro Tonali
100%
Scotland 45M SSC Napoli CM Scott McTominay
100%
Wales 35M Crystal Palace RW Brennan Johnson
50%
Northern Ireland 30M Liverpool FC RB Conor Bradley
50%
North Macedonia 14M SSC Napoli CAM Eljif Elmas
50%
Bosnia-Herzegovina 22M VfB Stuttgart CF Ermedin Demirovic
50%
Kosovo 30M TSG 1899 Hoffenheim CF Fisnik Asllani
50%
Iceland 22M LOSC Lille CAM Hákon Arnar Haraldsson
50%
France 200M Real Madrid CF Kylian Mbappé
50%
Czech Republic 22M Wolverhampton Wanderers CB Ladislav Krejčí
50%
Luxembourg 15M SL Benfica CM Leandro Barreiro
50%
Denmark 50M SSC Napoli CF Rasmus Højlund
50%
Gibraltar 200k Lincoln Red Imps FC CF Tjay De Barr
50%
Russia 25M Lokomotiv Moscow CAM Aleksey Batrakov
0%
Israel 18M Union Saint-Gilloise RM Anan Khalaili
0%
Faroe Islands 2,5M Hellas Verona CB Andrias Edmundsson
0%
Albania 14M Ipswich Town CAM Anis Mehmeti
0%
Kazakhstan 3M Kairat Almaty CF Dastan Satpaev
0%
Latvia 8M Sunderland AFC LB Dennis Cirkin
0%
San Marino 200k Gzira United FC GK Edoardo Colombo
0%
Armenia 25M FC Krasnodar CAM Eduard Spertsyan
0%
Lithuania 5,5M Torino FC CM Gvidas Gineitis
0%
Andorra 800k Córdoba CF GK Iker Álvarez
0%
Bulgaria 12M Leeds United CDM Ilia Gruev
0%
Malta 3M FC Sion LW Ilyas Chouaref
0%
Cyprus 2,5M CSKA Sofia orWidzew Lodz CF orCB Ioannis Pittas|Stelios Andreou
0%
Finland 6M AC Sparta Prague CM Kaan Kairinen
0%
Greece 35M KRC Genk CAM Konstantinos Karetsas
0%
Liechtenstein 200k SC Brühl SG CB Lars Traber
0%
Estonia 3,5M KAA Gent CB Maksim Paskotsi
0%
Azerbaijan 2,5M Qarabağ FK CF Nariman Akhundzada
0%
Ireland 30M Brentford FC CB Nathan Collins
0%
Montenegro 25M Atalanta BC CF Nikola Krstović
0%
Moldova 3M Spartak Moscow LB Oleg Reabciuk
0%
Belarus 1,5M ML Vitebsk orCSKA Sofia CAM orGK Valeriy Gromyko|Fedor Lapoukhov
0%
No matching quizzes found
Score Distribution
Percent of People with Each Score
Percentile by Number Answered
Your Score History
You have not taken this quiz since the last reset